| 000 | 01714cam a22002655a 4500 | ||
|---|---|---|---|
| 001 | L149694 | ||
| 002 | 17786 | ||
| 008 | 100409s2009 xxk f 001 0 eng d | ||
| 020 | _a9781856176293 | ||
| 035 | _a(Sirsi) u149694 | ||
| 041 | 0 | _aeng | |
| 050 | 0 | 4 | _a343.4107869 $2 18 |
| 100 | 1 | _aNdekugri, Issaka | |
| 245 | 0 | 4 |
_aThe JCT 05 standard building contract _blaw and administration |
| 250 | _a2nd ed. | ||
| 260 |
_aLondon _bButterworth-Heinemann _c2009 |
||
| 300 |
_axxx, 557p. _bill. _c25cm. |
||
| 350 | _a29.99 | ||
| 505 | 2 | _aStyle of JCT 05 standard building contract, contract execution and related problems -- Participants in the project and their roles under the contract -- JCT timetable -- Contractor designed work -- Architect's instructions -- Variations and provesional sums -- Risks to health and safety: allocation and insurance -- Novation, assignment and sub-contracting -- Third party rights and collateral warranties -- Health and safety obligations under the CDM regulations -- Delays, extension of time and liquidated damages -- Claims for damages and contractual claims: an overview -- Contractual money claims under JCT 05 -- Fluctuations -- Payments -- Termination -- Dispute resolution. | |
| 520 | _aThis books gives knowledge and understanding of the contract by clarifying the complex issues surrounding obligations and rights under the contract. It gives up to date information regarding new JCT standard building contracts but also the new legislation and controversies in the administration contracts. | ||
| 651 | 4 |
_aUnited Kingdom _y |
|
| 690 | _aBUILT ENVIRONMENT-BUILDING CONTRACT FORMS-STANDARD FORMS OF BUILDING CONTRACT | ||
| 700 | 1 | _aRycroft, Michael | |
| 942 | _n0 | ||
| 999 |
_c110603 _d110603 |
||